Kraje Eurowizji Junior - Statystyki

Ogólne statystyki
  • Ten quiz został rozwiązany 194 razy
    115 od ostatniego zresetowania
  • Średni wynik to 26 z 41
Statystyki odpowiedzi
Odpowiedź % Poprawnych
Polska
94%
Hiszpania
82%
Ukraina
80%
Włochy
80%
Wielka Brytania
79%
Białoruś
77%
Albania
76%
Francja
76%
Portugalia
76%
Estonia
74%
Niemcy
74%
Gruzja
73%
Rosja
73%
Armenia
71%
Szwecja
70%
Holandia
67%
Litwa
67%
Malta
67%
Azerbejdżan
65%
Belgia
65%
Irlandia
65%
Chorwacja
64%
Norwegia
64%
Serbia
64%
Australia
61%
Cypr
61%
Macedonia Północna
61%
San Marino
61%
Łotwa
58%
Dania
56%
Szwajcaria
56%
Bułgaria
55%
Grecja
55%
Rumunia
53%
Czarnogóra
52%
Mołdawia
52%
Kazachstan
50%
Izrael
48%
Słowenia
45%
Walia
41%
Serbia i Czarnogóra
23%
Nie znaleziono quizów pasujących do podanych kryteriów
Rozkład punktacji
Procent ludzi z każdym wynikiem
Percentyl według liczby udzielonych odpowiedzi
Twoja historia wyników
Nie rozwiązałeś tego quizu od ostatniego zresetowania